[Event "Yerevan ol (Men)"]
[Site "Yerevan"]
[Date "1996.??.??"]
[Round "4"]
[White "Sousa, Armindo"]
[Black "Rahman, Ziaur"]
[Result "0-1"]
[WhiteElo "2230"]
[BlackElo "2460"]

1.e4 c5 2.Nf3 Nc6 3.d4 cxd4 4.Nxd4 Qc7 5.Nc3 e6 6.Nb3 a6 7.Bd3 Nf6 8.O-O b5
9.a3 Be7 10.f4 d6 11.Qf3 Bb7 12.Bd2 Rc8 13.Kh1 Qb8 14.Rae1 b4 15.Ne2 bxa3
16.bxa3 d5 17.e5 Ne4 18.Bc1 g6 19.Ng3 Nc5 20.Bb2 Nxd3 21.Qxd3 Qc7 22.Re2 Na5
23.Nxa5 Qxa5 24.f5 Qb5 25.Qxb5+ axb5 26.fxe6 fxe6 27.Rb1 Rc4 28.Nf1 Kd7 29.c3 Ra8
30.Rf2 Re4 31.Nd2 Re3 32.Ra1 Rxe5 33.c4 Re3 34.cxb5 Bxa3 35.Bd4 Be7 36.Rc1 Rd3
37.Nf3 Ke8 38.h3 Bd6 39.Re2 Ke7 40.Bf2 Ra4 41.Rce1 Re4 42.Rxe4 dxe4 43.Ng5 Bb4
44.Rb1 Bd2 45.Bh4 h6 46.Nxe4+ g5 47.Nc5 Rxh3+ 48.Kg1 Rxh4 49.Kf2 Bd5 50.b6 Rb4  0-1

[Event "Yerevan ol (Men)"]
[Site "Yerevan"]
[Date "1996.??.??"]
[Round "5"]
[White "Konguveel, Ponnuswamy"]
[Black "Reefat bin Satter"]
[Result "1-0"]
[WhiteElo "2385"]
[BlackElo "2465"]

1.e4 c5 2.Nf3 Nc6 3.d4 cxd4 4.Nxd4 Qc7 5.Nb5 Qb8 6.c4 Nf6 7.N5c3 e6 8.f4 e5
9.f5 h6 10.Be3 b6 11.Bd3 Bc5 12.Qf3 Nb4 13.Bxc5 bxc5 14.O-O Qd6 15.Nd5 Rb8
16.b3 O-O 17.Nbc3 Nbxd5 18.exd5 Qe7 19.Be4 d6 20.g4 Nh7 21.Qg3 Bd7 22.h4 g5
23.fxg6 fxg6 24.Bxg6 Qg7 25.h5 Ng5 26.Bf5 e4 27.Kh1 Rbe8 28.Rae1 Bxf5 29.Rxf5 Rxf5
30.gxf5 Kh8 31.Nb5 Qf7 32.Qg4 Qf6 33.Nc7 Rg8 34.Rg1 e3 35.Ne6 Qe5 36.Nf4 Qe4+
37.Rg2 Kh7 38.f6 Rf8 39.Ne6 Qxg4 40.Nxf8+ Kg8 41.Rxg4 e2 42.Rg1 Kxf8 43.Re1 Ne4  1-0

[Event "Yerevan op"]
[Site "Yerevan"]
[Date "1996.??.??"]
[Round "6"]
[White "Lobzhanidze, Davit"]
[Black "Yegiazarian, Arsen"]
[Result "1/2-1/2"]
[WhiteElo "2280"]
[BlackElo "2455"]

1.e4 c5 2.Nf3 Nc6 3.d4 cxd4 4.Nxd4 Qb6 5.Nb3 Nf6 6.Bd3 e6 7.O-O Be7 8.Nc3 d6
9.a4 O-O 10.a5 Qc7 11.f4 Bd7 12.g4 Nb4 13.g5 Ne8 14.Be3 Qd8 15.Qh5 Nxd3 16.cxd3 Nc7
17.Rf3 g6 18.Qh6 f6 19.f5 Qe8 20.gxf6 Rxf6 21.Bg5 exf5 22.Bxf6 Bxf6 23.Raf1 Bg7
24.Qh4 Kh8 25.exf5 Bxf5 26.Ne4 Qa4 27.Qe7 Qxb3 28.Qxc7 Qd5 29.Nxd6 Bxd3 30.R1f2 Be2
31.Re3 Qd1+ 32.Kg2 Qd5+ 33.Kg1 Qd1+ 34.Kg2 Qd5+  1/2-1/2

[Event "Yerevan ol (Men)"]
[Site "Yerevan"]
[Date "1996.??.??"]
[Round "6"]
[White "Doghri, Nabil"]
[Black "Grivas, Efstratios"]
[Result "1/2-1/2"]
[WhiteElo "2350"]
[BlackElo "2500"]

1.e4 c5 2.Nf3 Nc6 3.d4 cxd4 4.Nxd4 Qb6 5.Nb3 Nf6 6.Nc3 e6 7.Be3 Qc7 8.Nd4 a6
9.Be2 Be7 10.f4 d6 11.O-O O-O 12.Kh1 Bd7 13.Qe1 b5 14.a3 Nxd4 15.Bxd4 Bc6
16.Qg3 Qb7 17.Bd3 Rad8 18.Rae1 b4 19.axb4 Qxb4 20.Ne2 g6 21.Qg5 Nd5 22.Qh6 Nf6
23.Bc3 Qc5 24.Nd4 e5 25.Nxc6 Qxc6 26.fxe5 Ng4 27.Qf4 Nxe5 28.Bxe5 dxe5 29.Qxe5 Bb4
30.Re2 f6 31.Qf4 Bd6 32.Qg4 Be5 33.b3 Kg7 34.Bc4 Rd6 35.Re3 a5 36.Rd3 Rfd8
37.Rfd1 h5 38.Qe2 Qc7 39.g3 Rd4 40.Rxd4 Rxd4 41.Rxd4 Bxd4 42.Kg2 Qe5  1/2-1/2

[Event "Yerevan ol (Men)"]
[Site "Yerevan"]
[Date "1996.??.??"]
[Round "6"]
[White "Situru, Nathanael"]
[Black "Perdomo, Carlos Andres"]
[Result "1-0"]
[WhiteElo "2385"]
[BlackElo "2315"]

1.e4 c5 2.Nf3 Nc6 3.d4 cxd4 4.Nxd4 Qc7 5.Nc3 e6 6.Be3 Nf6 7.Bd3 a6 8.O-O d6
9.f4 Bd7 10.Kh1 Rc8 11.Qf3 b5 12.a3 Be7 13.Rae1 O-O 14.Nxc6 Bxc6 15.Qh3 Nd7
16.Nd5 exd5 17.exd5 g6 18.dxc6 Qxc6 19.f5 Bf6 20.fxg6 fxg6 21.Qe6+ Kg7 22.Be4 Qc7
23.Qh3 Rfe8 24.Bxg6 hxg6 25.Qh6+ Kg8 26.Qxg6+ Kh8 27.Rf3 Nf8 28.Qxf6+ Qg7
29.Qh4+ Kg8 30.Rg3 Ng6 31.Qg4 Kh7 32.Qh5+  1-0

[Event "Yerevan ol (Men)"]
[Site "Yerevan"]
[Date "1996.??.??"]
[Round "7"]
[White "Garcia, Gildardo"]
[Black "Rahman, Ziaur"]
[Result "1-0"]
[WhiteElo "2495"]
[BlackElo "2460"]

1.e4 c5 2.Nf3 Nc6 3.d4 cxd4 4.Nxd4 Qc7 5.Nc3 e6 6.Be3 a6 7.Bd3 Nf6 8.O-O Ne5
9.h3 b5 10.f4 Nc4 11.Bxc4 Qxc4 12.Qd3 d5 13.e5 Nd7 14.Nb3 Be7 15.Bd4 O-O
16.Rac1 b4 17.Ne2 a5 18.Qe3 Ba6 19.Rfe1 Qb5 20.f5 exf5 21.Ng3 g6 22.Nxf5 gxf5
23.Qg3+ Kh8 24.e6+ f6 25.exd7 Qxd7 26.Qh4 Rf7 27.Re3 Rg8 28.Rce1 Bd8 29.Nc5 Qc8
30.Re8 Bb5 31.Rxd8 Qxd8 32.Ne6 Qe7 33.Nf4 Qf8 34.Re6 Rgg7 35.Bxf6 Rxf6 36.Rxf6 Qc5+
37.Kh1 Kg8 38.Ne6 Qc4 39.Rf8+  1-0

[Event "Yerevan ol (Women)"]
[Site "Yerevan"]
[Date "1996.??.??"]
[Round "9"]
[White "Kouwenhoven, Marisca"]
[Black "Velcheva, Maria"]
[Result "0-1"]
[WhiteElo "2120"]
[BlackElo "2260"]

1.e4 c5 2.Nf3 Nc6 3.d4 cxd4 4.Nxd4 Qc7 5.Nc3 e6 6.Be3 a6 7.f4 Nxd4 8.Qxd4 b5
9.Be2 Bb7 10.O-O Rc8 11.Rad1 Nf6 12.Bf3 h5 13.Kh1 Bc5 14.Qd3 Bxe3 15.Qxe3 b4
16.Ne2 O-O 17.e5 Nd5 18.Bxd5 Bxd5 19.f5 Qxc2 20.Nf4 Qe4 21.Nxd5 exd5 22.Qg3 h4
23.Qg5 Qxe5 24.Qxh4 Rc6 25.f6 Rxf6 26.Rxf6 Qxf6 27.Qxb4 Re8 28.Qd2 d4 29.h3 Re4
30.b4 Qc6 31.Qd3 d5 32.Qg3 Qc2 33.Rf1 Qe2 34.Rf2 Qe1+ 35.Kh2 d3 36.Qb8+ Re8
37.Qf4 Re7 38.Rd2 Qe4 39.Qb8+ Re8 40.Qg3 Qxb4 41.Rxd3 Qc4 42.a3 Qe4 43.Rb3 d4
44.Qd6 Re6 45.Qd8+ Kh7 46.Rf3 Qe5+ 47.Kg1 Rd6 48.Qc7 d3 49.Rxf7 d2 50.Qc2+ Kg8
51.Rf1 Qd4+ 52.Kh1 d1=Q 53.Qc8+ Rd8 54.Qe6+ Kh8  0-1

[Event "Yerevan op"]
[Site "Yerevan"]
[Date "1996.??.??"]
[Round "10"]
[White "Galdunts, Sergey"]
[Black "Chibukhchian, Artur"]
[Result "1-0"]
[WhiteElo "2450"]
[BlackElo "2280"]

1.e4 c5 2.Nf3 Nc6 3.d4 cxd4 4.Nxd4 Qc7 5.Nb5 Qb8 6.g3 a6 7.N5c3 e6 8.Bg2 Nf6
9.O-O Qc7 10.Re1 d6 11.f4 Be7 12.Be3 b5 13.Nd2 Rb8 14.Qe2 b4 15.Nd1 O-O 16.Nf2 d5
17.e5 d4 18.exf6 gxf6 19.Ng4 dxe3 20.Ne4 f5 21.Ngf6+ Kg7 22.Qh5 h6 23.g4 Bxf6
24.g5 Bxg5 25.fxg5 Rh8 26.Nf6 hxg5 27.Qxg5+ Kf8 28.Nh5 Qe5 29.Rad1 Bb7 30.Rd7 f4
31.Qxf4 Qxh5 32.Qd6+ Kg7 33.Rxe3 Ne5 34.Rg3+ Ng6 35.Qxe6 Qc5+ 36.Kf1 Bxg2+
37.Rxg2 Qb5+ 38.Ke1 Rhe8 39.Rxg6+ Kh7 40.Rh6+ Kg7 41.Rxf7+  1-0

[Event "Yerevan ol (Men)"]
[Site "Yerevan"]
[Date "1996.??.??"]
[Round "10"]
[White "Hakki, Imad"]
[Black "Krylov, Sergey"]
[Result "0-1"]
[WhiteElo "2380"]
[BlackElo "2210"]

1.e4 c5 2.Nf3 Nc6 3.d4 cxd4 4.Nxd4 Qb6 5.Nb3 Nf6 6.Nc3 e6 7.Be3 Qc7 8.Bd3 a6
9.f4 d6 10.O-O b5 11.Qf3 Bb7 12.Rae1 Be7 13.Kh1 h5 14.Nd4 Ng4 15.Bg1 g5 16.Nxc6 Bxc6
17.Bd4 O-O-O 18.Bxh8 Rxh8 19.fxg5 Ne5 20.Qh3 Bxg5 21.a4 Qb7 22.axb5 axb5
23.Qg3 Bd8 24.Qg7 Re8 25.Ra1 Kb8 26.b4 Qb6 27.h3 h4 28.Rfe1 Bc7 29.Qg5 Rh8
30.Qe3 Qb7 31.Ra3 Bb6 32.Qe2 Nxd3 33.Qxd3 d5 34.exd5 exd5 35.Qf5 Rg8 36.Rea1 Qc7
37.Nxd5 Qd6 38.Rd3 Bc7 39.g3 Rxg3 40.Rad1 Rxd3  0-1

[Event "Yerevan op"]
[Site "Yerevan"]
[Date "1996.??.??"]
[Round "11"]
[White "Aginian, Nelly"]
[Black "Esaibekian, Milena"]
[Result "1/2-1/2"]
[WhiteElo "2110"]
[BlackElo "2135"]

1.e4 c5 2.Nf3 Nc6 3.d4 cxd4 4.Nxd4 Qc7 5.Nc3 e6 6.Ndb5 Qb8 7.Be3 Nf6 8.a3 a6
9.Nd4 b5 10.f3 Bb7 11.Qd2 Be7 12.Be2 O-O 13.O-O d5 14.exd5 Nxd4 15.Bxd4 Nxd5
16.Nxd5 Bxd5 17.Qe3  1/2-1/2

[Event "Yerevan ol (Men)"]
[Site "Yerevan"]
[Date "1996.??.??"]
[Round "11"]
[White "Kotronias, Vasilios"]
[Black "Rahman, Ziaur"]
[Result "0-1"]
[WhiteElo "2615"]
[BlackElo "2460"]

1.e4 c5 2.Nf3 Nc6 3.d4 cxd4 4.Nxd4 Qc7 5.c4 Nf6 6.Nc3 e6 7.Be3 a6 8.Rc1 Bb4
9.f3 d5 10.cxd5 exd5 11.Qa4 Qa5 12.Qxa5 Bxa5 13.Nxc6 bxc6 14.Kf2 Rb8 15.b3 O-O
16.exd5 cxd5 17.Be2 Bb4 18.Bd4 Be6 19.Na4 a5 20.Nc5 Ba3 21.Rc3 Rfc8 22.Rd1 Bb4
23.Rcc1 Ba3 24.Na6 Bxc1 25.Nxb8 Ba3 26.Na6 Rc2 27.Bb6 Bd7 28.Bxa5 Rxe2+ 29.Kxe2 Bb5+
30.Kd2 Bxa6 31.b4 Nd7 32.Rb1 Bc4 33.b5 Bd6 34.a4 Nc5 35.Re1 Nb3+ 36.Kc3 Nxa5
37.Re8+ Bf8 38.Ra8 Nb7 39.b6 g5 40.a5 Nc5 41.Rc8 Kg7 42.Rc6 Bb5 43.b7 Nxb7
44.Rb6 d4+ 45.Kd2 Bb4+ 46.Kc1 Nd6  0-1

[Event "Yerevan ol (Women)"]
[Site "Yerevan"]
[Date "1996.??.??"]
[Round "11"]
[White "Gaponenko, Inna"]
[Black "Botsari Miladinovic, Anna Maria"]
[Result "1/2-1/2"]
[WhiteElo "2340"]
[BlackElo "2335"]

1.e4 c5 2.Nf3 Nc6 3.d4 cxd4 4.Nxd4 Qc7 5.Nc3 e6 6.Be3 a6 7.Bd3 Nf6 8.O-O h5
9.h3 Bd6 10.Nxc6 bxc6 11.f4 e5 12.Qf3 exf4 13.Bxf4 Bxf4 14.Qxf4 Qxf4 15.Rxf4 d6
16.e5 dxe5 17.Re1 Nd7 18.Rc4 Rh6 19.Bf5 Ra7 20.Bxd7+ Rxd7 21.Rxe5+ Re7 22.Rec5 Re1+
23.Kh2 Rc1 24.Ne2 Ra1 25.a3 Bd7 26.Rg5 Kf8 27.Ra5 h4 28.Nd4 Rd6 29.Nf3 Rc1
30.Rxa6 g5 31.Nxg5 Rdd1 32.Rxh4 Rxc2 33.Rh7 Rf2 34.Nf3 Rxb2 35.Ra8+ Ke7 36.Ra7 Kf6
37.Rh6+ Kg7 38.Rh5 Be6 39.Rg5+ Kf6 40.h4 Rd3 41.Kg3 Rbb3 42.a4 Bd5 43.Rg4 c5
44.h5 c4 45.h6 Bxf3 46.Rf4+ Kg6 47.gxf3 Kxh6 48.Raxf7 Kg6  1/2-1/2

[Event "Yerevan ol (Men)"]
[Site "Yerevan"]
[Date "1996.??.??"]
[Round "12"]
[White "Minasian, Artashes"]
[Black "Kurajica, Bojan"]
[Result "1-0"]
[WhiteElo "2540"]
[BlackElo "2490"]

1.e4 c5 2.Nf3 Nc6 3.d4 cxd4 4.Nxd4 Qb6 5.Nb3 Nf6 6.Nc3 e6 7.Bd3 a6 8.O-O Be7
9.Be3 Qc7 10.f4 d6 11.Qf3 Nb4 12.Rac1 O-O 13.a3 Nxd3 14.cxd3 Qd8 15.e5 dxe5
16.fxe5 Nd7 17.d4 Nb6 18.Qh5 Nc4 19.Bf4 b5 20.Rf3 g6 21.Rg3 Ra7 22.Ne4 Bb7
23.Nf6+ Bxf6 24.exf6 Qxf6 25.Rf1 Qe7 26.Bh6 Nxb2 27.Qe5 f5 28.Bxf8 Qxf8 29.d5 Nc4
30.Qxe6+ Qf7 31.Rxf5 Qxe6 32.dxe6 Bc8 33.Rf6 Ne5 34.Re3 Kg7 35.Rf1 Nc6 36.Rc1 Ne7
37.Nd4 Rb7 38.Rf3  1-0

[Event "Yerevan ol (Men)"]
[Site "Yerevan"]
[Date "1996.??.??"]
[Round "14"]
[White "Mamadshoev, Marat"]
[Black "Reefat bin Satter"]
[Result "1-0"]
[WhiteElo "2315"]
[BlackElo "2465"]

1.e4 c5 2.Nf3 Nc6 3.d4 cxd4 4.Nxd4 Qc7 5.Nb5 Qb8 6.c4 b6 7.Be2 Nf6 8.N5c3 Bb7
9.O-O e6 10.Kh1 h6 11.Be3 Bc5 12.Bxc5 bxc5 13.Nd2 g5 14.Nb3 Qe5 15.Qd2 Ke7
16.Rad1 d6 17.f3 Rad8 18.Rfe1 Qf4 19.Bf1 Qxd2 20.Rxd2 Ne5 21.Kg1 h5 22.Na5 Ba8
23.a3 Rb8 24.Nb5 Rb6 25.Red1 Rd8 26.b4 Rd7 27.Rb2 Ng6 28.Nc3 g4 29.Rdb1 Ra6
30.Nb3 Rxa3 31.Nb5 Ra4 32.bxc5 d5 33.exd5 exd5 34.c6 Bxc6 35.Nc5 Ra5 36.Nxd7 Kxd7
37.fxg4 hxg4 38.Rf2 Ke7 39.Re1+ Ne4 40.Nd4 Bb7 41.cxd5 Bxd5 42.Bd3  1-0

[Event "Zaragoza op"]
[Site "Zaragoza"]
[Date "1996.??.??"]
[Round "2"]
[White "Knezevic, Bojan"]
[Black "Kurajica, Bojan"]
[Result "1-0"]
[WhiteElo "2380"]
[BlackElo "2505"]

1.e4 c5 2.Nf3 Nc6 3.d4 cxd4 4.Nxd4 Qb6 5.Nb3 Nf6 6.Nc3 e6 7.Bd3 a6 8.O-O Qc7
9.f4 d6 10.Qf3 Be7 11.Be3 O-O 12.g4 b5 13.Qh3 b4 14.e5 dxe5 15.g5 Nh5 16.Bxh7+ Kxh7
17.Qxh5+ Kg8 18.Rf3 Bxg5 19.fxg5 Ne7 20.Ne4 f5 21.gxf6 Nf5 22.Rh3  1-0

[Event "Beersheba 16th"]
[Site "Beersheba"]
[Date "1997.02.25"]
[Round "2"]
[White "Dvoirys, Semen I"]
[Black "Golod, Vitali"]
[Result "1-0"]
[WhiteElo "2590"]
[BlackElo "2515"]

1.e4 c5 2.Nf3 Nc6 3.d4 cxd4 4.Nxd4 Qb6 5.Nb3 Nf6 6.Nc3 e6 7.Bd3 a6 8.O-O Be7
9.a4 Qc7 10.a5 d5 11.exd5 exd5 12.Be2 O-O 13.Be3 Be6 14.Bb6 Qd6 15.Bc5 Qc7
16.Bb6 Qd6 17.Na4 Nd7 18.Be3 Rac8 19.Nac5 Nce5 20.Nxe6 fxe6 21.c3 Nc4 22.Bc1 Nc5
23.Nd2 Nxd2 24.Bxd2 Ne4 25.Be3 Bg5 26.Bxg5 Nxg5 27.Ra4 Rf4 28.Rxf4 Qxf4 29.Bd3 Rf8
30.Qe2 e5 31.Bc2 Kh8 32.Qe3 g6 33.Rd1 Ne4 34.Qxf4 Rxf4 35.Rxd5 Nxf2 36.Rxe5 Ng4
37.Re8+ Kg7 38.Re7+ Kf6 39.Rxb7 Ne3 40.Bd3 Ra4 41.Kf2 Ng4+ 42.Kg3  1-0

[Event "ISR-chT"]
[Site "Israel"]
[Date "1997.02.27"]
[Round "5"]
[White "Shmuter, Leonid"]
[Black "Tsesarsky, Ilya"]
[Result "0-1"]
[WhiteElo "2490"]
[BlackElo "2390"]

1.e4 c5 2.Nf3 Nc6 3.d4 cxd4 4.Nxd4 Qc7 5.Nc3 e6 6.Be3 a6 7.Bd3 Nf6 8.O-O b5
9.Nxc6 Qxc6 10.f3 Bc5 11.Qe1 d6 12.Kh1 Bxe3 13.Qxe3 Qc5 14.Qxc5 dxc5 15.a4 b4
16.Nd1 Nd7 17.Ne3 Ne5 18.f4 Nxd3 19.cxd3 Ke7 20.Rac1 Rd8 21.Rfd1 Bd7 22.b3 Rac8
23.Kg1 f6 24.Kf2 Be8 25.Kf3 Bf7 26.d4 f5 27.dxc5 Bh5+ 28.g4 Rxd1 29.Rxd1 fxg4+
30.Kg3 Rxc5 31.Nc4 Be8 32.Rd4 h5 33.Kh4 g6 34.a5 Bb5 35.Ne5 Kf6 36.Nd7+ Bxd7
37.Rxd7 Rc2 38.e5+ Kf5 39.Rf7+ Ke4 40.Kg5 Rxh2 41.Rf6 g3 42.Rxg6 g2 43.Kf6 Kxf4
44.Kxe6 Kf3 45.Kf7 Rh1 46.e6 g1=Q 47.Rf6+ Kg3 48.e7 Qa7 49.Re6 Qd7  0-1

[Event "St Petersburg-ch"]
[Site "St Petersburg"]
[Date "1997.03.05"]
[Round "2"]
[White "Orlov, Vassily"]
[Black "Karasev, Vladimir I"]
[Result "1/2-1/2"]
[WhiteElo "2420"]
[BlackElo "2365"]

1.e4 c5 2.Nf3 Nc6 3.d4 cxd4 4.Nxd4 Qb6 5.Nb3 Nf6 6.Nc3 e6 7.Bd3 Bb4 8.O-O O-O
9.Bg5 Bxc3 10.bxc3 Ne8 11.Qh5 f6 12.Be3 Qc7 13.f4 g6 14.Qh6 Nd8 15.Rf3 Nf7
16.Qh4 Kg7 17.g4 d6 18.g5 fxg5 19.fxg5 e5 20.c4 Be6 21.c5 b6 22.cxb6 axb6
23.Raf1 Rxa2 24.Nc1 Ra1 25.Ne2 Rxf1+ 26.Rxf1 Kg8 27.Ng3 Ng7 28.Nh1 Nh5 29.Rb1 Nf4
30.Nf2 Qe7 31.Rxb6 Nxg5 32.Kh1 d5 33.Rxe6 Nfxe6 34.exd5 Nf4 35.Ne4 h6 36.Bxf4 Rxf4
37.Qxh6 Nxe4 38.Qxg6+ Qg7 39.Bxe4 Qxg6 40.Bxg6 e4 41.Bh5 Kg7 42.Kg2 Rf5 43.Bg4 Rxd5
44.Kg3 e3 45.Kf3 Re5 46.Ke2 Kf6 47.h4 Re7 48.Kd3 Re8 49.Ke2 Re4 50.Bf3 Re5
51.Bg4 Ke7 52.Kd3 Kd6 53.Ke2 Re7 54.Kd3 Kd5 55.Bf3+ Kc5 56.h5  1/2-1/2

[Event "RUS-Cup7"]
[Site "Kstovo"]
[Date "1997.05.10"]
[Round "9"]
[White "Voitsekhovsky, Stanislav"]
[Black "Beshukov, Sergei"]
[Result "1-0"]
[WhiteElo "2475"]
[BlackElo "2435"]

1.e4 c5 2.Nf3 Nc6 3.d4 cxd4 4.Nxd4 Qc7 5.Nc3 e6 6.f4 a6 7.Nf3 Bc5 8.Bd3 b5
9.e5 d5 10.Qe2 Nge7 11.Be3 d4 12.Bf2 dxc3 13.Bxc5 cxb2 14.Rb1 Nd5 15.Bd6 Qa5+
16.Kf2 Nc3 17.Qe3 Nxb1 18.Rxb1 Qxa2 19.Nd2 Bd7 20.Qg3 Qd5 21.Ne4 O-O-O 22.c3 f5
23.Qe3 Qa2 24.Nc5 Qa5 25.Nb3 Qc7 26.Bxc7 Kxc7 27.Rxb2 Bc8 28.Nc5 g5 29.g3 gxf4
30.gxf4 Rhg8 31.Ra2 Nb8 32.Bxb5 axb5 33.Ra7+ Kc6 34.Nb3  1-0

[Event "Vier Laenderkampf"]
[Site "Schoeneck"]
[Date "1997.06.??"]
[Round "1"]
[White "Arnold, Lothar"]
[Black "Illner, Achim"]
[Result "0-1"]
[WhiteElo "2375"]
[BlackElo "2355"]

1.e4 c5 2.Nf3 Nc6 3.d4 cxd4 4.Nxd4 Qb6 5.Nb5 Nf6 6.N1c3 a6 7.Na3 e6 8.Nc4 Qc7
9.Be3 b5 10.Nb6 Rb8 11.Nxc8 Rxc8 12.a3 Bd6 13.Bxb5 axb5 14.Nxb5 Qa5+ 15.c3 Qxb5
16.Qxd6 Nxe4 17.Qf4 Qxb2 18.O-O Nxc3 19.Qd6 Nd5 20.Rac1 Qb8 21.Qc5 Nce7  0-1

[Event "Vier Laenderkampf"]
[Site "Schoeneck"]
[Date "1997.06.??"]
[Round "3"]
[White "Karabalis, Harilos"]
[Black "Illner, Achim"]
[Result "1-0"]
[WhiteElo "2205"]
[BlackElo "2355"]

1.e4 c5 2.Nf3 Nc6 3.d4 cxd4 4.Nxd4 Qb6 5.Nb3 Nf6 6.Nc3 e6 7.Bd3 Be7 8.O-O d6
9.Be3 Qc7 10.f4 a6 11.a4 b6 12.Qe2 O-O 13.g4 Nb4 14.g5 Nd7 15.Qh5 g6 16.Qh4 Re8
17.Rf3 Bf8 18.Rh3 h6 19.Rf1 Bb7 20.f5 Nxd3 21.cxd3 exf5 22.gxh6 Ne5 23.Qf6 Kh7
24.exf5 Qe7 25.Qg7+ Bxg7 26.hxg7+ Kg8 27.f6 Qxf6 28.Rxf6 Ng4 29.Bd4  1-0

[Event "ST Lee Cup 4th"]
[Site "Beijing"]
[Date "1997.08.23"]
[Round "1"]
[White "Li Ruofan"]
[Black "Zhang Zhong"]
[Result "0-1"]
[WhiteElo "2245"]
[BlackElo "2475"]

1.e4 c5 2.Nf3 Nc6 3.d4 cxd4 4.Nxd4 Qb6 5.Nb3 e6 6.Be2 Nf6 7.Nc3 Bb4 8.O-O a6
9.Be3 Qc7 10.f3 b6 11.Qd2 h5 12.Rad1 Be7 13.Kh1 Bb7 14.Na4 b5 15.Nac5 Bc8
16.Bf4 e5 17.Bg5 d6 18.Nd3 h4 19.Kg1 Be6 20.c3 Rd8 21.Qe3 a5 22.Bxf6 gxf6
23.f4 Qb7 24.fxe5 fxe5 25.Nf2 a4 26.Nc1 Rg8 27.Bh5 Bg5 28.Qf3 Qa7 29.Kh1 Qe3
30.a3 Qxf3 31.Bxf3 Na5 32.Ncd3 Nc4 33.Rfe1 Ke7 34.Bg4 Bxg4 35.Nxg4 Bd2 36.Nh6 Bxh6  0-1

[Event "ST Lee Cup 4th"]
[Site "Beijing"]
[Date "1997.08.28"]
[Round "5"]
[White "Xie Jianjun"]
[Black "Liang Jinrong"]
[Result "0-1"]
[WhiteElo "2365"]
[BlackElo "2425"]

1.e4 c5 2.Nf3 Nc6 3.d4 cxd4 4.Nxd4 Qc7 5.Nc3 e6 6.Be2 a6 7.O-O Nf6 8.Be3 Bb4
9.Na4 Be7 10.Nxc6 bxc6 11.Bd3 c5 12.c4 Bb7 13.f3 O-O 14.Rc1 d6 15.Qe2 Nd7
16.b3 Ne5 17.Bb1 Nc6 18.Qf2 Bf6 19.Rfd1 Bd4 20.Nc3 Bxe3 21.Qxe3 Nd4 22.Ne2 e5
23.Nxd4 exd4 24.Qf2 a5 25.f4 Rfe8 26.Re1 Re7 27.Qh4 Rae8 28.e5 g6 29.exd6 Qc6  0-1

[Event "Petah Tiqwa It 3th"]
[Site "Petah Tiqwa"]
[Date "1997.10.19"]
[Round "9"]
[White "Dembo, Yelena"]
[Black "Tsesarsky, Ilya"]
[Result "1/2-1/2"]
[WhiteElo "2090"]
[BlackElo "2445"]

1.e4 c5 2.Nf3 Nc6 3.d4 cxd4 4.Nxd4 Qc7 5.Nc3 e6 6.Be3 a6 7.Bd3 Nf6 8.O-O Bd6
9.h3 Bh2+ 10.Kh1 Bf4 11.Qd2 Bxe3 12.Qxe3 Qb6 13.Nf5 Qxe3 14.Nxe3 Ke7 15.a4 d6
16.Rad1 Bd7 17.Nc4 Ne5 18.Nb6 Rad8 19.Nxd7 Rxd7 20.Be2 Rc8 21.Rd4 Rc5 22.Rfd1 Nc6
23.Rc4 Rxc4 24.Bxc4 Rc7 25.Bd3 Nb4 26.Kg1 Nxd3 27.Rxd3 Rc4 28.Re3 b5 29.axb5 axb5
30.Nxb5 Rxc2 31.Nxd6 Kxd6 32.e5+ Ke7 33.exf6+ Kxf6 34.Rb3 h5 35.g3 g5 36.Rb4 Kg6
37.Kg2 f5 38.Kf3 Kf6 39.Ke3 Rc1 40.Kf3 Rd1 41.h4 g4+ 42.Ke2 Rb1 43.Ke3 Ke5
44.Rb5+ Kd6 45.Rb8 Re1+ 46.Kd2 Ra1 47.Rh8 Kd5 48.Rb8 Ke4 49.Rb3 e5 50.Ke2 f4
51.Rb4+ Kf5 52.gxf4 exf4 53.Rb5+ Kg6 54.Rb6+ Kf7 55.Rb7+ Ke6 56.Rb6+ Kd7
57.Rb5 f3+ 58.Ke3 Re1+ 59.Kf4 Rf1 60.Rxh5 Rxf2 61.Kxg4 Rxb2 62.Kxf3 Ke6  1/2-1/2

[Event "RUS-Cup01 Chigorin mem"]
[Site "St Petersburg"]
[Date "1997.11.03"]
[Round "3"]
[White "Galkin, Alexander"]
[Black "Beshukov, Sergei"]
[Result "1/2-1/2"]
[WhiteElo "2540"]
[BlackElo "2430"]

1.e4 c5 2.Nf3 Nc6 3.d4 cxd4 4.Nxd4 Qc7 5.Nc3 e6 6.Be2 a6 7.O-O Nf6 8.Be3 Bb4
9.Na4 Bd6 10.g3 b5 11.Nb6 Rb8 12.Nxc8 Rxc8 13.a4 Nxd4 14.Bxd4 e5 15.Be3 Bc5
16.Bxc5 Qxc5 17.axb5 axb5 18.Ra5 Rb8 19.Qd3 O-O 20.c3 Qc6 21.Bf3 Rfe8 22.Rfa1 Re6
23.R1a3 Ne8 24.Rb3 Nc7 25.Qe3 Qb6 26.Ra7 Qxe3 27.fxe3 Rc6 28.Be2 Kf8 29.Rb4 Ke7
30.c4 Rc5 31.Kf2 Rb6 32.cxb5  1/2-1/2

[Event "Budapest FS11 IM-A"]
[Site "Budapest"]
[Date "1997.11.04"]
[Round "3"]
[White "Farago, Sandor"]
[Black "Toth, Andras"]
[Result "1-0"]
[WhiteElo "2330"]
[BlackElo "2280"]

1.e4 c5 2.Nf3 Nc6 3.d4 cxd4 4.Nxd4 Qb6 5.Nb3 Nf6 6.Nc3 e6 7.Be3 Qc7 8.a3 a6
9.f4 d6 10.Bd3 Be7 11.Qe2 b5 12.g4 Bb7 13.g5 Nd7 14.Qf2 O-O 15.h4 b4 16.Na4 bxa3
17.bxa3 Na5 18.O-O Nc4 19.Bd4 e5 20.Bc3 d5 21.exd5 Bxd5 22.Bb4 Bxb4 23.axb4 e4
24.Be2 f6 25.Qd4 Bf7 26.Nc3 Nd6 27.Nd5 Bxd5 28.Qxd5+ Nf7 29.Qxe4 Rfe8 30.Qc4 Qb6+
31.Nc5 fxg5 32.hxg5 Nxc5 33.bxc5 Qc7 34.Bf3 Rac8 35.Rae1 Rxe1 36.Rxe1 Kh8
37.c6 Nxg5 38.Qc5  1-0

[Event "RUS-Cup01 Chigorin mem"]
[Site "St Petersburg"]
[Date "1997.11.05"]
[Round "5"]
[White "Pozdniakov, Sergei"]
[Black "Poluljahov, Aleksandr"]
[Result "1/2-1/2"]
[WhiteElo "2280"]
[BlackElo "2510"]

1.e4 c5 2.Nf3 Nc6 3.d4 cxd4 4.Nxd4 Qc7 5.Nc3 e6 6.Be3 a6 7.Be2 Nf6 8.O-O Bb4
9.Na4 Bd6 10.Nb6 Rb8 11.g3 Ne5 12.Nxc8 Rxc8 13.f4 Nc4 14.Bxc4 Qxc4 15.e5 Nd5
16.Bf2 Bb8 17.Re1 Ba7 18.c3 O-O 19.a4 d6 20.Qg4 dxe5 21.Rxe5 Nb4 22.Rg5 g6
23.f5 exf5 24.Nxf5 Bxf2+ 25.Kxf2 Nd3+ 26.Kg2 Qxg4 27.Rxg4 Rc7 28.Nd6 Rd8
29.Rd4 Nxb2 30.Ra2 Rcd7 31.Nxb7 Rxd4 32.cxd4 Rxd4 33.Rxb2 Rxa4 34.Kf3 Kg7
35.Nc5 Ra5 36.Rc2 Ra3+ 37.Ke4 h5 38.Nd3 h4 39.gxh4 Ra4+ 40.Ke3 Rxh4 41.Ne1 g5
42.Nf3 Rh3 43.Rg2 f6 44.Ke4 f5+ 45.Kxf5  1/2-1/2

[Event "RUS-Cup01 Chigorin mem"]
[Site "St Petersburg"]
[Date "1997.11.06"]
[Round "6"]
[White "Asrian, Karen"]
[Black "Karasev, Vladimir I"]
[Result "1-0"]
[WhiteElo "2515"]
[BlackElo "2350"]

1.e4 c5 2.Nf3 Nc6 3.d4 cxd4 4.Nxd4 Qb6 5.Nb3 Nf6 6.Nc3 e6 7.Bd3 Bb4 8.O-O O-O
9.Be3 Qc7 10.Nb5 Qb8 11.a3 Be7 12.f4 e5 13.c4 exf4 14.Bxf4 Ne5 15.c5 b6 16.Bxe5 Qxe5
17.Rf5 Qb8 18.e5 Ne8 19.Bc4 Bxc5+ 20.Nxc5 d5 21.Rxf7 Kxf7 22.Qxd5+ Kg6 23.Qc6+ Kh5
24.Be2+ Kg5 25.Ne4+ Kf4 26.Rf1+ Kxe5 27.Rxf8  1-0

[Event "Maroczy mem"]
[Site "Szeged"]
[Date "1997.11.17"]
[Round "4"]
[White "Sax, Gyula"]
[Black "Ivanisevic, Ivan"]
[Result "1-0"]
[WhiteElo "2570"]
[BlackElo "2540"]

1.e4 c5 2.Nf3 Nc6 3.d4 cxd4 4.Nxd4 Qc7 5.Nc3 e6 6.Be3 a6 7.f4 b5 8.Bd3 Bb7
9.Nb3 d6 10.Qf3 Nf6 11.O-O h5 12.a4 b4 13.Nd1 e5 14.a5 exf4 15.Qxf4 Ne5 16.Bb6 Qd7
17.Ne3 Ng6 18.Qf2 Ng4 19.Nxg4 hxg4 20.e5 Nxe5 21.Rae1 Rc8 22.Bf5 Qe7 23.Bxg4 Rxh2
24.Rxe5 Rxg2+ 25.Qxg2 dxe5 26.Qd2 Rc4 27.Bd7+ Qxd7 28.Qxd7+ Kxd7 29.Rxf7+ Be7
30.Bc5 Rxc2 31.Rxe7+ Kc8 32.Bb6 Rc6 33.Nc5 Rg6+ 34.Kf2 Rf6+ 35.Ke1 Bc6 36.Rc7+  1-0

[Event "Petah Tiqwa"]
[Site "Petah Tiqwa"]
[Date "1997.11.24"]
[Round "2"]
[White "Eyal, Ido"]
[Black "Tsesarsky, Ilya"]
[Result "0-1"]
[WhiteElo "2095"]
[BlackElo "2445"]

1.e4 c5 2.Nf3 Nc6 3.d4 cxd4 4.Nxd4 Qc7 5.Nc3 e6 6.Be3 a6 7.Bd3 Nf6 8.O-O Bd6
9.h3 Bh2+ 10.Kh1 Bf4 11.Qd2 Bxe3 12.Qxe3 Qb6 13.Nf5 Qxe3 14.Nxe3 b5 15.a4 b4
16.Ne2 Ke7 17.a5 d6 18.Nc4 Nd7 19.f4 Bb7 20.Ng1 Nc5 21.Nb6 Rab8 22.Nf3 b3
23.e5 dxe5 24.Nxe5 Nb4 25.Na4 Nxa4 26.Rxa4 Nxc2 27.Bxc2 bxc2 28.Rc4 Rhc8
29.Rc1 Rxc4 30.Nxc4 Be4 31.Kg1 Rb4  0-1

[Event "GP Kfar Saba"]
[Site "Kfar Saba"]
[Date "1997.12.19"]
[Round "3"]
[White "Liss, Eran"]
[Black "Tsesarsky, Ilya"]
[Result "1-0"]
[WhiteElo "2540"]
[BlackElo "2445"]

1.e4 c5 2.Nf3 Nc6 3.d4 cxd4 4.Nxd4 Qc7 5.Nc3 e6 6.Be2 a6 7.O-O Nf6 8.Be3 Bb4
9.Na4 Be7 10.Nxc6 bxc6 11.Bd3 c5 12.c4 Bb7 13.Nc3 d6 14.f4 O-O 15.Qe2 Nd7
16.Rad1 Bf6 17.Nb1 Nb8 18.Nd2 Bxb2 19.Nf3 Bf6 20.e5 dxe5 21.fxe5 Bxe5 22.Bxh7+ Kxh7
23.Ng5+ Kg6 24.Nxe6 fxe6 25.Qg4+ Kh7 26.Rxf8 Bxh2+ 27.Kh1 Qe5 28.Rdd8  1-0

[Event "Karpov GM"]
[Site "Singapore"]
[Date "1997.12.21"]
[Round "9"]
[White "Suradiradja, Herman"]
[Black "Ardiansyah, Haji"]
[Result "1-0"]
[WhiteElo "2250"]
[BlackElo "2415"]

1.e4 c5 2.Nf3 Nc6 3.d4 cxd4 4.Nxd4 Qc7 5.c4 Qe5 6.Nf3 Qxe4+ 7.Be2 Ne5 8.O-O e6
9.Nd4 a6 10.Kh1 Qh4 11.f4 Nc6 12.Nc3 Qd8 13.f5 Nf6 14.Bg5 Be7 15.fxe6 dxe6
16.Nxc6 Qxd1 17.Raxd1 bxc6 18.Bf3 Bb7 19.Na4 Nd7 20.Bf4 Rc8 21.Rxd7 Kxd7
22.Nb6+ Ke8 23.Nxc8 Bxc8 24.Bxc6+ Bd7 25.Bb7 Kd8 26.Rd1 Ke8 27.Bxa6 f6 28.Bc7 e5
29.Bb5  1-0